00321nam a2200121Ia 4500008004100000082001900041100001500060245005400075250000900129260003700138300000800175650001600183191201s2005 xx 000 0 und d a621.38216bFLT aFLOOD, J E 0aTelecommunication Switching, Traffic and Networks a15th aN.DelhibPearson Educationc2005 a310 aB.Tech(ECE)